000 00405nam a22001457a 4500
020 _a9788120344051
040 _cNust
082 _a620.2815
_bBHA
100 _aSudheer S. Bhagade
_9124497
110 _aGovind Das Nageshwar
_9124498
245 _aProcess Dynamics and Control
260 _aNew Delhi:
_bPHI Learning Pvt Ltd,
_c2011.
650 _aProcess Dynamics and Control
_9124499
942 _2ddc
_cBK
999 _c610339
_d610339